[Event "It"]
[Site "Budapest HUN"]
[Date "2003.04.19"]
[Round "8"]
[White "Movsesian,S"]
[Black "Lutz,C"]
[Result "0-1"]
[WhiteElo "2659"]
[BlackElo "2640"]
[EventDate "2003.04.11"]

1. e4 c5 2. Nf3 d6 3. d4 cxd4 4. Nxd4 Nf6 5. Nc3 a6 6. Be3 e5 7. Nb3 Be6 8.
f3 Nbd7 9. Qd2 b5 10. O-O-O Be7 11. Qf2 Qb8 12. g4 b4 13. Ne2 a5 14. Kb1 a4
15. Nbc1 b3 16. cxb3 axb3 17. a3 d5 18. g5 Bxa3 19. gxf6 Bxb2 20. Kxb2 Qb4
21. Ba7 O-O 22. Bh3 Bxh3 23. Nxb3 d4 24. Qg3 g6 25. Nexd4 Rxa7 26. Nc2 Qc4
27. Qf2 Rb7 28. Nca1 Nc5 29. Qe3 Be6 30. Rc1 Nd3+ 0-1